000 01142nam a22002537a 4500
003 NALT
005 20260304085810.0
008 230411b th ||||| |||| 00| 0 tha d
040 _aNALT
050 _aBQ 4261
_bส755ก 2565
100 0 _960526
_aสุจินต์ บริหารวนเขตต์
245 1 0 _aเกิด แก่ เจ็บ ตาย /
_cสุจินต์ บริหารวนเขตต์.
250 _aพิมพ์ครั้งที่ 18.
260 _aกรุงเทพฯ :
_bมูลนิธิศึกษาและเผยแพร่พระพุทธศาสนา,
_c2565.
300 _a21 หน้า ;
_c21 ซม.
650 0 _aชีวิต
_xแง่ศาสนา
_936240
650 4 _94420
_aธรรมะกับชีวิตประจำวัน
850 _aNALT
942 _cGB
_2lcc
996 _achunbijaya.r
_bCATSTF
_c2023-04-11
996 _aareerat.v
_bCATSTF
_c2023-04-26
999 _c101781
_d101781
998 _j1020
_k นางจำเรียง ระวังสำโรง